| 000 | 02638nam0a2200433 4500 | ||
|---|---|---|---|
| 001 | RU\NLR\BIBL_A\022115597 | ||
| 005 | 20240209105717.0 | ||
| 010 |
_a978-5-02-041524-9 _9300 |
||
| 021 |
_aRU _bКН-П-23-080507 _9КН-П-23-8164 |
||
| 035 | _a(NLR Aleph) 022115597 | ||
| 035 | _a(RuMoRGB)012448022 | ||
| 090 |
_a12791257 _c12791257 |
||
| 100 | _a20240124d2023 k y0rusy50 ca | ||
| 101 | 0 | _aeng | |
| 102 | _aRU | ||
| 105 | _aa|||z|||100yy | ||
| 181 | 0 |
_ai _baxxe |
|
| 182 | 0 | _an | |
| 200 | 1 |
_aХолод и здоровье _eсборник материалов междисциплинарного мобильного научно-практического семинара (24-29 марта 2021 г.) _fМинистерство науки и высшего образования Российской Федерации, Арктический государственный институт культуры и искусств, Якутский научный центр комплексных медицинских проблем _gпод общей редакцией кандидата биологических наук, доцента С. С. Слепцова |
|
| 203 |
_aТекст _bвизуальный _cнепосредственный |
||
| 210 |
_aНовосибирск _cНаука _d2023 |
||
| 215 |
_a90, [1] с. _cил. _d23 |
||
| 225 | 1 |
_aСерия "Культура Арктики" _vвып. 12 |
|
| 300 | _aРез. англ. | ||
| 320 | _aБиблиогр. в конце ст. | ||
| 606 | 1 |
_aЗдоровье _jСъезды, совещания и т.п _xВлияние климата _yСаха (Якутия), Республика _92417962 _3RU\NLR\AUTH\6601658954 |
|
| 606 | 1 |
_aЧеловек _jСъезды, совещания и т.п _xАдаптация к условиям полярного климата _91939535 _3RU\NLR\AUTH\661174410 |
|
| 675 |
_a613.166.9(082) _v4 |
||
| 686 | 1 | _aР120.117(2Р54-6Я)я431 | |
| 686 | 1 | _aЕ903,12я431(2) | |
| 686 | 1 | _aР120.117.88я431(2) | |
| 702 | 1 |
_aСлепцов _bС. С. _gСпиридон Спиридонович _4340 |
|
| 711 | 1 | 2 | _a"Холод и здоровье", междисциплинарный мобильный научно-практический семинар |
| 712 | 0 | 2 |
_4557 _aАрктический государственный институт культуры и искусств _cЯкутск _9664042 _3RU\NLR\AUTH\8810080913 |
| 942 | _cBOOK | ||
| 980 | _aNB | ||